Ba Đình Tiểu thuyết lịch sử
Phản ánh cuộc đấu tranh bất khuất của dân tộc ta chống thực dân Pháp xâm lược trong phong trào Cần Vương thế kỷ 19. Đây là giai đoạn đỉnh cao mà cứ điểm được chọn là Ba Đình
Uloženo v:
| Hlavní autor: | |
|---|---|
| Médium: | Kniha |
| Jazyk: | Vietnamese |
| Vydáno: |
H.
Quân đội nhân dân
1981
|
| Témata: | |
| Tagy: |
Přidat tag
Žádné tagy, Buďte první, kdo otaguje tento záznam!
|
| Thư viện lưu trữ: | Mạng thư viện Đại học Đà Nẵng |
|---|
| LEADER | 01338nam a2200361 4500 | ||
|---|---|---|---|
| 001 | 000005262 | ||
| 003 | 1406 | ||
| 005 | 20120518080528.0 | ||
| 008 | 110812s1981 viesd | ||
| 020 | |c 12000đ | ||
| 041 | 0 | |a vie | |
| 082 | |a 895.9223 |b TH-V | ||
| 100 | 0 | |a Thái Vũ | |
| 245 | 0 | |a Ba Đình |b Tiểu thuyết lịch sử |c Thái Vũ | |
| 260 | |a H. |b Quân đội nhân dân |c 1981 | ||
| 300 | |a 504 tr. |c 19 cm. | ||
| 520 | |a Phản ánh cuộc đấu tranh bất khuất của dân tộc ta chống thực dân Pháp xâm lược trong phong trào Cần Vương thế kỷ 19. Đây là giai đoạn đỉnh cao mà cứ điểm được chọn là Ba Đình | ||
| 653 | |a Tiểu thuyết | ||
| 653 | |a Phong trào Cần Vhương | ||
| 653 | |a Việt Nam | ||
| 653 | |a Lịch sử | ||
| 700 | |a Thái Vũ | ||
| 910 | |a Huỳnh Thị Cẩm Lai |d 12/08/2011 | ||
| OWN | |a LSP | ||
| AVA | |a UDN50 |b LSP |d 895.9223 TH-V |e available |t Error 5001 Not defined in file expand_doc_bib_avail. |f 2 |g 1 |h N |i 0 |k 1 | ||
| 999 | |a From the UDN01 | ||
| AVA | |a UDN50 |b LSP |d 895.9223 TH-V |e available |t Error 5001 Not defined in file expand_doc_bib_avail. |f 2 |g 1 |h N |i 0 |k 1 | ||
| TYP | |a Monograph | ||
| TYP | |a Printed language | ||
| 980 | |a Mạng thư viện Đại học Đà Nẵng | ||